Matemática 2

Sparad:
Bibliografiska uppgifter
Huvudupphovsmän: Jarufe Abedrabu, Teodoro (Författare, medförfattare), Heras Karl, Rodrigo E. de las (Författare, medförfattare)
Övriga upphovsmän: Lillo Troncoso, María Ludovisa (autora)
Materialtyp: Bok
Språk:spanska
Publicerad: Santiago Santillana 1987
Serie:Textos Escolares para la Educación General Básica
Ämnen:
Taggar: Lägg till en tagg
Inga taggar, Lägg till första taggen!

MARC

LEADER 00000nam a2200000 a 4500
001 UCW6079
003 CL-VaPUC
008 911010e19870000CL |||||||||||||||||spa|d
082 0 4 |a 372.7  |b JAR  |2 21 
100 |a Jarufe Abedrabu, Teodoro  |e author  |9 542720 
700 |a Lillo Troncoso, María Ludovisa  |e autora  |9 350939 
700 |a Heras Karl, Rodrigo E. de las  |e author  |9 541891 
245 1 0 |a Matemática 2 
300 |a 112 p 
942 |c BK 
945 |d 19911010 00:00:00 
260 |a Santiago  |b Santillana  |c 1987 
650 0 |a Matemática  |9 260235 
650 0 |a Libros de texto  |9 270019 
650 0 |a Educación básica   |9 224933 
583 |a last modification  |c 20140822 04:46:38  |k Rodrigo Vera 
490 0 |a Textos Escolares para la Educación General Básica 
999 |c 219247  |d 219245